000 00830nam a2200241 a 4500
001 000007251
005 20260206124607.0
008 090907t1982 dr a 001 0 spa d
040 _aDO-SdBNP
_bspa
_cBNPHU
082 _a616.852
_bP349t
100 1 _aPeña S., Casimiro de
_920125
245 1 0 _aTodos somos neuróticos /
_cCasimiro de Peña S.
260 _aSanto Domingo :
_bLa Orientación,
_c1982.
300 _a235 p. :
_bil. ;
_c21 cm.
500 _aIncluye datos biográficos del autor en la contracubierta.
500 _aIncluye un minidiccionario de problemas y términos psicológicos.
504 _aBibliografía : p. 234-235
590 _aInventariado, 2018/LP
650 4 _aNeurosis
_920126
650 0 _aEnfermos mentales
_918253
650 4 _aPsicopatología
_9672
910 _aValidado. Control de calidad. EMS
999 _c7032
_d7032